000 00721nam a2200289Ia 4500
005 20260324125225.0
008 008 260324s9999 xx 000 0 eng d
020 _a9780203864340
037 _aEBOOK
040 _aCRL
040 _beng
040 _cCRL
041 _2eng
041 _aeng
084 _qCRL
100 _aMiles Tandy; Jo Howell
_91177167
245 0 _aCreating Drama with 7-11 Year Olds
245 0 _bLesson Ideas to Integrate Drama into the Primary Curriculum
260 _bTaylor and Francis
260 _c2009
365 _a
365 _b205
856 _uhttp://www.taylorfrancis.com/books/9780203864340
942 _cEBOOK
999 _c1772223
_d1772223